UITU Library & LRC     

The 48 Laws of power (Record no. 33634)

MARC details
000 -LEADER
fixed length control field 00419nam a22001697a 4500
003 - CONTROL NUMBER IDENTIFIER
control field OSt
005 - DATE AND TIME OF LATEST TRANSACTION
control field 20260409115029.0
008 - FIXED-LENGTH DATA ELEMENTS--GENERAL INFORMATION
fixed length control field 260409b |||||||| |||| 00| 0 eng d
020 ## - INTERNATIONAL STANDARD BOOK NUMBER
International Standard Book Number 978-0-670-88146-8
040 ## - CATALOGING SOURCE
Transcribing agency aacr2
082 ## - DEWEY DECIMAL CLASSIFICATION NUMBER
Classification number 303.3 GRE
100 ## - MAIN ENTRY--PERSONAL NAME
Personal name Greene ,Robert
245 ## - TITLE STATEMENT
Title The 48 Laws of power
260 ## - PUBLICATION, DISTRIBUTION, ETC.
Place of publication, distribution, etc. New York:
Name of publisher, distributor, etc. Penguin Books
Date of publication, distribution, etc. ,1998.
300 ## - PHYSICAL DESCRIPTION
Extent xxii,452
Other physical details include index
942 ## - ADDED ENTRY ELEMENTS (KOHA)
Source of classification or shelving scheme Dewey Decimal Classification
Koha item type Books
Suppress in OPAC No
Holdings
Withdrawn status Lost status Source of classification or shelving scheme Damaged status Not for loan Collection Home library Current library Shelving location Date acquired Total checkouts Full call number Barcode Date last seen Price effective from Koha item type
    Dewey Decimal Classification     Social Sciences UITU Library UITU Library New Arrivals 04/09/2026   303.3 GRE Q16042 04/09/2026 04/09/2026 Books

Powered by Koha